000 00694nam a2200217Ii 4500
003 JO-AjNU
008 230605s9999||||xx |||||||||||||| ||und||
017 _a2013/7/2768
020 _a978-9957-481-32-2
040 _aJO-AjNU
_bara
_erda
_cJO-AjNU
041 _aara
050 1 4 _aZ718.1 2014
100 3 _aقاسم، احلام مصطفى ، م مشارك هلا علي قعدان الفايز ,
_eauthor
_950100
245 0 0 _aمكتبات الاطفال
264 3 1 _aعمان : المؤلف ، 2014
300 _a198ص
336 _atext
_btxt
_2rdacontent
337 _aunmediated
_bn
_2rdamedia
338 _avolume
_bnc
_2rdacarrier
650 4 _aمكتبات الاطفال
_950101
999 _aA22047
_c25615
_d25615